| 000 | 00752cam a22001811 4500 | ||
|---|---|---|---|
| 001 | 000016351 | ||
| 005 | 20200929164402.0 | ||
| 008 | 780228s1960 mx 000 0 spa | ||
| 040 |
_aDO-SdBNP _bspa _cBNPHU |
||
| 245 | 0 | 0 |
_aNovelistas y narradores / _cestudio de Rodrigo Pachano L. |
| 260 |
_aPuebla, México, : _bJ. M. Cajica, _c1960. |
||
| 300 |
_axv, 827 p. ; _c22 cm. |
||
| 490 | 0 | _aBiblioteca ecuatoriana mínima. La colonia y la república | |
| 500 | _aA cabeza de tít.: Publicación auspiciada por la Secretaría General de la Undécima Conferencia Interamericana, Quito, Ecuador, 1960 | ||
| 650 | 2 | 4 |
_aLiteratura ecuatoriana _xBio-bibliografía _936470 |
| 650 | 2 | 4 |
_aNarrativa ecuatoriana _936471 |
| 700 | 1 |
_aPachano Lalama, Rodrigo, _eed. _936472 |
|
| 999 |
_c15886 _d15886 |
||